000 00305nam a22001457a 4500
020 _a0
041 _aENG
100 _aPatel .R.C
245 _aElements of Heat Engines
260 _aVadodara
_bAcharya PUB
_c1997
300 _a417
650 _aEOES
700 _aKaramchandani .C.J
856 _uEOES
999 _c290
_d290